|
|
|
|
| LEADER |
00000nab a2200000uu 4500 |
| 001 |
vtls011495292 |
| 003 |
SK-MaSNL |
| 005 |
20260303211641.0 |
| 008 |
230131|1977 xo |||||||||||||||||slo| |
| 015 |
|
|
|a SNBRB
|
| 035 |
|
|
|a (urnnbn)urn:nbn:sk:snk:ar-a09wjl
|
| 035 |
|
|
|a (uuid)d553bee7-2fe9-41a2-bd13-b40cc9b4fe4a
|
| 035 |
|
|
|a urn:nbn:sk:snk-abdjd7
|
| 040 |
|
|
|a SNKBUCL
|b slo
|c SNKBUCL
|e AACR2
|
| 041 |
0 |
|
|a slo
|
| 044 |
|
|
|a xo
|c SK
|
| 100 |
1 |
|
|a Filmer, W. W.
|4 aut
|9 1243739
|
| 245 |
1 |
0 |
|a PROBLÉMY MARKETINGU S VAJCAMI V EURÓPSKOM HOSPODÁRSKOM SPOLOČENSTVE
|c W. W. Filmer
|
| 700 |
1 |
|
|a Cádra, Fedor,
|d 1926-1998
|4 trl
|9 10089
|
| 773 |
0 |
|
|t Hydinársky priemysel : technicko-ekonomický mesačník hydinárskeho priemyslu
|g Roč. 19, č. 5-7 (1977), s. 282-287
|
| 954 |
|
|
|a odborná, vedecká literatúra cudzojazyčná (svetová)
|2 lita
|
| 958 |
|
|
|a OND
|
| 958 |
|
|
|a EUIPO
|
| 958 |
|
|
|a article18
|
| 999 |
|
|
|c 2203744
|d 2205674
|